Reconnais et nomme ces artistes internationaux VOL4 - Statistiques

Statistiques générales
  • Ce quiz a été pris 30 fois
  • Le résultat moyen est 7 sur 16
Statistiques - réponses
Par images Réponse % Correct
Amy Winehouse
89%
Mariah Carey
86%
U2
79%
One Direction
71%
Gorillaz
54%
John Legend
50%
Miley Cyrus
50%
Sade
39%
Tom Jones
39%
No Doubt
29%
Craig David
21%
Cheb Mami
18%
Eros Ramazzotti
14%
M.I.A.
11%
Megan Thee Stallion
7%
Alejandro Sanj
0%
Aucun quiz correspondant
Distribution des résultats
% des personnes avec chaque résultat
Percentile par nombre de réponses
Votre historique - résultats
Vous n’avez pas pris ce quiz